Teorija otnositeľnosti dľa milionov = Relativity for the million

Salvato in:
Dettagli Bibliografici
Autore principale: Gardner, Martin (Autore)
Natura: Libro
Lingua:russo
Pubblicazione: Moskva : Atomizdat, 1979
Edizione:3.izd.
Tags: Aggiungi Tag
Nessun Tag, puoi essere il primo ad aggiungerne!!

MARC

LEADER 00000nam a22000003a 4500
001 stu187739
005 20150617230040.7
008 090721s1983----xxr-----------------rus-d
040 |a STU  |b slo 
041 0 |a rus 
044 |a xxr 
080 |a 530.12 
100 1 |a Gardner, Martin  |4 aut 
245 1 |a Teorija otnositeľnosti dľa milionov = Relativity for the million 
250 |a 3.izd. 
260 |a Moskva :  |b Atomizdat,  |c 1979 
300 |a 157 s 
996 |b E44147  |c E*44147  |l EE03  |s P  |a 0  |w stu187739_0001